Geometría proyectiva
Uloženo v:
| Hlavní autor: | |
|---|---|
| Médium: | Kniha |
| Jazyk: | španělština |
| Vydáno: |
Buenos Aires
EUDEBA
1966
|
| Edice: | Manuales EUDEBA
|
| Témata: | |
| Tagy: |
Přidat tag
Žádné tagy, Buďte první, kdo vytvoří štítek k tomuto záznamu!
|
MARC
| LEADER | 00000nam a2200000 a 4500 | ||
|---|---|---|---|
| 001 | UCQ8357 | ||
| 003 | CL-VaPUC | ||
| 008 | 981209e19660000AG |||||||||||||||||spa|d | ||
| 082 | 0 | 4 | |a 516.5 |b SAN |2 21 |
| 100 | 0 | |a Santaló, Luis A |e author |9 422303 | |
| 245 | 1 | 0 | |a Geometría proyectiva |
| 300 | |a 371 p | ||
| 942 | |c BK | ||
| 945 | |d 19981209 00:00:00 |a crobeson | ||
| 260 | |a Buenos Aires |b EUDEBA |c 1966 | ||
| 650 | 0 | |a Geometría proyectiva |9 262638 | |
| 650 | 0 | |a Geometría |9 264063 | |
| 650 | 7 | |a PROBLEMAS |2 CL-VaPUC |9 269806 | |
| 650 | 0 | |a Ejercicios |9 269807 | |
| 583 | |a last modification |c 19981209 00:00:00 |k Rodrigo Vera | ||
| 490 | 0 | |a Manuales EUDEBA | |
| 999 | |c 277642 |d 277640 | ||
| 952 | |0 0 |1 0 |4 0 |6 516_500000000000000_SAN_1966 |7 0 |8 A |9 315683 |a BIBMAT |b BIBMAT |d 2019-11-20 |i 1301616 |o 516.5 SAN 1966 |p 1301616 |r 2025-01-07 |w 2019-11-20 |y BK |k MAT | ||
| 952 | |0 0 |1 0 |4 0 |6 516_500000000000000_SAN_1966 |7 0 |8 A |9 315684 |a BIBMAT |b BIBMAT |d 2019-11-20 |i 1301624 |o 516.5 SAN 1966 |p 1301624 |r 2025-01-07 |w 2019-11-20 |y BK |k MAT | ||